000 00401nam a22001697a 4500
003 koha_MIRAKIL
005 20231213095809.0
008 231213b |||||||| |||| 00| 0 ||| d
040 _aTR-IsEVY
_btur
_cTR-IsEVY
082 _a818.42 TEM/İ
100 _aEce Temelkuran.
245 0 _aiç kitabi.
260 _b[s.n.],
_c2007
300 _a[ ] p.
650 _aTürk Edebiyatı.
942 _2ddc
_cBK
999 _c9581
_d9581